| 000 | 00693nam a2200229 a 4500 | ||
|---|---|---|---|
| 005 | 20230603063549.0 | ||
| 008 | 991125s1985 mx 000 0 spa u | ||
| 020 | _a9684440413 | ||
| 035 | _aUPN01000058478 | ||
| 049 | _aI | ||
| 050 | 4 |
_aQP37 _bB488 1985 |
|
| 100 | 1 | _aBeaulieu, Jacques | |
| 245 | 1 | 4 |
_aLos viajes fantásticos de don Glóbulo / _cJacques Beaulieu ; il. Jacques Goldstyn. |
| 250 | _a2a ed. | ||
| 260 |
_aMéxico : _bAlhambra : _bCONACYT, _c1985. |
||
| 300 |
_a94 p. : _bil. (alg. col.). |
||
| 440 | 3 |
_aLa pandilla científica ; _v1 |
|
| 650 | 2 |
_aAnatomía humana _9582 |
|
| 650 | 4 |
_aSISTEMA CARDIOVASCULAR _920435 |
|
| 650 | 4 |
_aSISTEMA NERVIOSO _916591 |
|
| 905 | _aInfantil | ||
| 999 |
_c58478 _d58478 |
||